| 000 | 00000nam##2200000za#4500 |
| 001 | 9.644038 |
| 003 | CaOODSP |
| 005 | 20250319165015 |
| 007 | cr ||||||||||| |
| 008 | 150407|2014||||xxc|||||o f|0| 0 fre|d |
| 020 | |a978-0-660-23037-5 |
| 040 | |aCaOODSP|bfre |
| 043 | |an-cn--- |
| 086 | 1 |aEm12-7/2014F-PDF |
| 110 | 1 |aCanada.|bEmploi et développement social Canada. |bLe Conseil national des aînés. |
| 245 | 10|aRevue exploratoire de la littérature : |h[ressource électronique]|bl'isolement social des aînés, 2013-2014 |
| 260 | |aGatineau - Québec : |bEmploi et Développement social Canada. |cAoût 2014. |
| 300 | |a24p. |
| 590 | |a15-10|b2015-03-06 |
| 691 | 07|aQuestions sociales|2gcpds |
| 691 | 07|aAîné|2gcpds |
| 775 | 08|tScoping review of the literature : |w(CaOODSP)9.700138 |
| 856 | 40|ahttp://publications.gc.ca|qPDF|s419 Ko|uhttps://publications.gc.ca/collections/collection_2015/edsc-esdc/Em12-7-2014-fra.pdf |
| 986 | |aSSD-139-12-14F |